| 000 | 01002nas a2200313 4500 | ||
|---|---|---|---|
| 001 | BR2010004675 | ||
| 003 | BR-BrBNA | ||
| 005 | 20231205114303.0 | ||
| 007 | ta | ||
| 008 | 230509b bl.|||p| |||| 00| 00por d | ||
| 040 |
_aBR-BrBNA _bpor _cBiblioteca Nacional de Agricultura |
||
| 041 | _a(Pt) | ||
| 072 | _aL73 | ||
| 100 | 1 | _aCarlos, R.S.A. | |
| 100 | 1 | _aAlbuquerque, G.R. | |
| 100 | 1 | _aBezerra, R.A. | |
| 100 | 1 | _aSicupira, P.M.L. | |
| 100 | 1 | _aMunhoz, A.D. | |
| 100 | 1 | _aLopes, C.W.G. | |
| 245 | 1 | _aOcorrência de anticorpos anti-Toxoplasma gondii e principais fatores de risco associados à infecção canina na região de Ilhéus-Itabuna, estado da Bahia | |
| 650 | _aCÃO | ||
| 650 | _aTOXOPLASMOSE | ||
| 650 | _aINFECÇÃO | ||
| 650 | _aANTICORPO | ||
| 650 | _aBAHIA | ||
| 773 | 0 |
_tRevista Brasileira de Medicina Veterinária (Brazil) _xISSN 0100-2430 _g(Apr-Jun 2010), v. 32(2) p. 115-121 _wBR2010004675 |
|
| 909 |
_a202311 _bLúcia _c55 _dLúcia Elande |
||
| 942 |
_2AGRIS _n0 _cANA |
||
| 999 |
_c208036 _d208036 |
||